Ελληνικά δημοτικά τραγούδια : συναγωγή μελετών (1968-2000)

Αποθηκεύτηκε σε:
Λεπτομέρειες βιβλιογραφικής εγγραφής
Κύριος συγγραφέας: Saunier, Guy
Άλλοι συγγραφείς: Ανδρειωμένος, Γιώργος, 1964- (Επιμελητής έκδοσης), Μποτουροπούλου, Ιφιγένεια, 1950- (Μεταφραστής)
Μορφή: Βιβλίο
Γλώσσα:Greek
French
Δημοσίευση: Αθήνα : Ίδρυμα Κώστα και Ελένης Ουράνη, 2001
Θέματα:
Ετικέτες: Προσθήκη ετικέτας
Δεν υπάρχουν, Καταχωρήστε ετικέτα πρώτοι!

MARC

LEADER 00000cam a2200000 i 4500
001 1/22467
008 060123s2001 gre d
020 |a 960-7316-15-0 
035 |l 10082149 
040 |a GR-MY-UA  |b gre  |e aacr 
041 0 |a gre  |h fre 
082 0 |a 398.87  |2 (22) 
100 1 |a Saunier, Guy. 
245 1 0 |a Ελληνικά δημοτικά τραγούδια :  |b συναγωγή μελετών (1968-2000) /  |c G. Saunier ; φιλολογική επιμέλεια - ευρετήρια: Γιώργος Ανδρειωμένος ; μετάφραση γαλλικών κειμένων: Ιφιγένεια Μποτουροπούλου 
260 |a Αθήνα :   |b Ίδρυμα Κώστα και Ελένης Ουράνη,   |c 2001 
300 |a 583 σ.;  |c 22 εκ. 
500 |a Μετάφραση από τα γαλλικά 
504 |a Περιέχει βιβλιογραφία (σ. 551-559) και ευρετήριο 
650 0 0 |a Folk music  |z Greece. 
650 0 0 |a Folk songs, Greek. 
700 1 |a Ανδρειωμένος, Γιώργος,   |d 1964-  |4 edt 
700 1 |4 trl  |a Μποτουροπούλου, Ιφιγένεια,   |d 1950- 
852 |a INST  |b LESVOS  |e 20060123  |h 398.87 SAU  |p 005100033997  |q 005100033997  |t BK  |y 0 
901 |a BIBL1-2006-1 
909 |a Λ  |b 125518 
970 |a ΚΑΡΑ  |b ΓΙΑΣΕΜΗ  |z 2006/01/23